Sudeste /
Guardado en:
| Autor Principal: | |
|---|---|
| Formato: | Libro |
| Publicado: |
Buenos Aires :
Tinta Fresca,
2006.
|
| Materias: | |
| Etiquetas: |
Agregar Etiqueta
Sin Etiquetas, Sea el primero en etiquetar este registro!
|
| LEADER | 00729nam a22002415a 4500 | ||
|---|---|---|---|
| 001 | CEM.cems017425 | ||
| 008 | 130507s2006##################000#0#####d | ||
| 005 | 20240711103916.0 | ||
| 245 | 1 | 0 | |a Sudeste / |c Haroldo Conti |
| 260 | |a Buenos Aires : |b Tinta Fresca, |c 2006. | ||
| 300 | |a 134 p. | ||
| 500 | |a Acompaña el libro Lengua y Literatura 3 | ||
| 020 | |a 987576101X | ||
| 100 | 1 | |a Conti, Haroldo | |
| 082 | 0 | 4 | |a A863.4 |
| 653 | |a Literatura | ||
| 653 | |a Literatura argentina | ||
| 653 | |a Narrativa | ||
| 653 | |a Novelas | ||
| 653 | |a Novela argentina | ||
| 653 | |a Narrativa argentina | ||
| 859 | |a CEMS |b BIB. CEMS - Agricultura |h A863.4 |i C627-1 |p A0714.08 |t Ej.1 | ||
| 859 | |a CEMS |b BIB. CEMS - Agricultura |h A863.4 |i C627-1 |p A2834.16 |t Ej.2 | ||
